书目信息 |
| 题名: |
施工组织设计
|
|
| 作者: | 完海鹰 , 李庆锋 , 江小燕 主编 | |
| 分册: | ||
| 出版信息: | 合肥 合肥工业大学出版社 2010.12 |
|
| 页数: | 165页 | |
| 开本: | 26cm | |
| 丛书名: | 卓越工程师教育培养计划应用教材 | |
| 单 册: | ||
| 中图分类: | TU721 | |
| 科图分类: | ||
| 主题词: | 建筑工程--jian zhu gong cheng--施工组织--设计--高等学校--教材 | |
| 电子资源: | ||
| ISBN: | 978-7-5650-0305-9 | |
| 000 | 01114nam 2200313 450 | |
| 001 | B20110026757 | |
| 005 | 20110723082840.96 | |
| 010 | @a978-7-5650-0305-9@dCNY22.00 | |
| 100 | @a20110407d2010 km y0chiy50 ea | |
| 101 | 0 | @achi |
| 102 | @aCN@b340000 | |
| 105 | @aak a 000yy | |
| 106 | @ar | |
| 200 | 1 | @a施工组织设计@Ashi gong zu zhi she ji@f完海鹰, 江小燕, 李庆锋主编 |
| 210 | @a合肥@c合肥工业大学出版社@d2010.12 | |
| 215 | @a165页@c图@d26cm | |
| 225 | 2 | @a卓越工程师教育培养计划应用教材@Azhuo yue gong cheng shi jiao yu pei yang ji hua ying yong jiao cai@i土木类工程施工与管理系列 |
| 320 | @a有书目 (第165页) | |
| 330 | @a本书主要内容包括:施工组织设计概论、流水施工原理、网络计划技术、施工进度计划的控制与应用等。 | |
| 333 | @a建筑专业人员 | |
| 410 | 0 | @12001 @a卓越工程师教育培养计划应用教材 |
| 586 | @a | |
| 606 | 0 | @a建筑工程@Ajian zhu gong cheng@x施工组织@x设计@x高等学校@j教材 |
| 690 | @aTU721@v5 | |
| 701 | 0 | @a完海鹰@Awan hai ying@4主编 |
| 701 | 0 | @a李庆锋@Ali qing feng@4主编 |
| 701 | 0 | @a江小燕@Ajiang xiao yan@4主编 |
| 801 | 0 | @aCN@c20110610 |
| 905 | @dTU721@eW024@f3 | |
| 施工组织设计/完海鹰, 江小燕, 李庆锋主编.-合肥:合肥工业大学出版社,2010.12 |
| 165页:图;26cm.-(卓越工程师教育培养计划应用教材.土木类工程施工与管理系列) |
| 使用对象:建筑专业人员 |
| ISBN 978-7-5650-0305-9:CNY22.00 |
| 本书主要内容包括:施工组织设计概论、流水施工原理、网络计划技术、施工进度计划的控制与应用等。 |
| ● |
| 相关链接 |
|
|
|
正题名:施工组织设计
索取号:TU721/W024
 
预约/预借
| 序号 | 登录号 | 条形码 | 馆藏地/架位号 | 状态 | 备注 |
| 1 | 886796 | 208867966 | 建筑库201/201建筑库 28排2列5层/ [索取号:TU721/W024] | 在馆 | |
| 2 | 886797 | 208867975 | 建筑库201/201建筑库 28排2列5层/ [索取号:TU721/W024] | 在馆 | |
| 3 | 886798 | 208867984 | 建筑库201/201建筑库 28排2列5层/ [索取号:TU721/W024] | 在馆 |